000 00772nam a2200253 i 4500
001 bg
100 1 _aRESZKE, Irena.
245 1 0 _aWobec bezrobocia - opinie, stereotypy /
_cIrena Reszke.
260 _aKatowice :
_b"Śląsk",
_c1999.
300 _a121 s. ;
_c21 cm.
490 1 _aBiblioteka Pracownika Socjalnego
504 _aBibliogr. s. 115-121.
650 9 _aBezrobocie
_xsocjologia
_zPolska
_yod 1989 r.
650 9 _aOpinia publiczna
_zPolska
_yod 1989 r.
650 9 _aPostawy
_zPolska
_yod 1989 r.
830 _aBiblioteka Pracownika Socjalnego
020 _a8385838422
040 _cBPK
041 0 _apl
080 _a316.64/.65-057.19:331.56/.57](438)"1989/..."
920 _a83-85838-42-2
942 _cKS
008 s pl f |000 0 pol
999 _c34716
_d34716
856 _uhttp://koha.tu.koszalin.pl/cgi-bin/koha/opac-detail.pl?biblionumber=34716
_yKatalog online BPK